Applications of graph theory

Gespeichert in:
Bibliographische Detailangaben
Weitere Verfasser: Wilson, Robin J., Beineke, Lowell W.
Format: Buch
Sprache:Englisch
Veröffentlicht: London Academic Press 1979
Tags: Tag hinzufügen
Keine Tags, Fügen Sie das erste Tag hinzu!

MARC

LEADER 00000nam a2200000 4500
001 c127093
005 20041019155239.7
041 0 |a eng 
044 |a GB 
245 1 0 |a Applications of graph theory  |c Ed. by Robin J. Wilson, Lowell W. Beineke 
264 1 |a London  |b Academic Press  |c 1979 
300 |a 423 s. 
700 1 |a Wilson, Robin J. 
700 1 |a Beineke, Lowell W.